PRETTY LITTLE LIARS CHARACTERS - Statistics

General Stats
  • This quiz has been taken 510 times
  • The average score is 10 of 15
Answer Stats
Hint Answer % Correct
Lucy Hale Aria Montgomery
98%
Shay Mitchell Emily Fields
97%
Troian Bellisario Spencer Hastings
97%
Ashley Benson Hanna Marin
96%
Sasha Pieterse Alison DiLaurentis
91%
Ian Harding Ezra Fitz
88%
Tyler Blackburn Caleb Rivers
82%
Keegan Allen Toby Cavanaugh
79%
Janel Parish Mona Vanderwaal
75%
Tammin Sursoc Jenna Marshal
59%
Drew Van Acker Jason DiLaurentis
44%
Cody Christian Mike Montgomery
42%
Lindsay Shaw Paige McCullers
37%
Brendan Robinson Lucas Gottesman
22%
Vanessa Ray Cece Drake/ Charlotte DiLaurentis
4%
No matching quizzes found
Score Distribution
Percent of People with Each Score
Percentile by Number Answered
Your Score History
You have not taken this quiz